Recensiones Hans Albert Rupprecht: Sammelbuch (SB) Griechischer Urkunden aus Ägypten : Anna Maria Demicheli: Rapporti di pace e di guerra dell'Egitto Romano con le popolazioni dei deserti Africani /

Elmentve itt :
Bibliográfiai részletek
Szerző: Seidl Erwin
További közreműködők: Rupprecht Hans Albert
Demicheli Anna Maria
Dokumentumtípus: Cikk
Megjelent: 1977
Sorozat:Kolligátum
Kulcsszavak:Jogtudomány - könyvismertetés
Online Access:http://misc.bibl.u-szeged.hu/23197
LEADER 00781nab a2200193 i 4500
001 misc23197
005 20191108145901.0
008 170822s1977 hu o 0|| zxx d
040 |a SZTE Miscellanea Repozitórium  |b hun 
041 |a zxx 
100 1 |a Seidl Erwin 
245 1 0 |a Recensiones   |h [elektronikus dokumentum] :  |b Hans Albert Rupprecht: Sammelbuch (SB) Griechischer Urkunden aus Ägypten : Anna Maria Demicheli: Rapporti di pace e di guerra dell'Egitto Romano con le popolazioni dei deserti Africani /  |c  Seidl Erwin 
260 |c 1977 
300 |a 515-520 
490 0 |a Kolligátum 
695 |a Jogtudomány - könyvismertetés 
700 0 1 |a Rupprecht Hans Albert 
700 0 1 |a Demicheli Anna Maria 
856 4 0 |u http://misc.bibl.u-szeged.hu/23197/1/87515_515-520.pdf  |z Dokumentum-elérés